00452cam a2200169ua 45000010005000000080039000050400009000440410008000530820012000611000027000732450073001002500009001732600030001823000010002126530044002226530016002667921141230n ii |||gr||||Z||||||hin cMAIN ahin a891.431 aSingh, K. P.,eAuthor.1 aSamkalin hindi kabita ka sandharkhcEdited by Kameshwar Prasad Singh a1st. aBaranasi:bSanjay,c1990. a138p. aEast Indo-European & Celtic literatures aHindi poems